| 000 | 01031cam a22003375i 4500 | ||
|---|---|---|---|
| 999 |
_c16864 _d16864 |
||
| 001 | 21603324 | ||
| 003 | OSt | ||
| 005 | 20220419154519.0 | ||
| 008 | 200708s2020 inu 000 0 eng | ||
| 010 | _a 2020941824 | ||
| 020 |
_a9781119680451 _q(paperback) |
||
| 020 |
_z9781119680482 _q(adobe pdf) |
||
| 020 |
_z9781119680512 _q(epub) |
||
| 040 |
_aDLC _beng _erda _cDLC |
||
| 042 | _apcc | ||
| 082 |
_22020 _aDC 005.2762 _bL951 |
||
| 100 | 1 |
_aLowe, Doug, _eauthor. _93352 |
|
| 245 | 1 | 0 |
_aJava all-in-one for dummies/ _cDoug Lowe. |
| 250 | _aSixth edition | ||
| 263 | _a2008 | ||
| 264 | 1 |
_aIndianapolis: _bJohn Wiley and Sons, _c2020. |
|
| 300 |
_avii, 880 pages: _billustrations; _c23 cm. |
||
| 336 |
_atext _btxt _2rdacontent |
||
| 337 |
_aunmediated _bn _2rdamedia |
||
| 338 |
_avolume _bnc _2rdacarrier |
||
| 500 | _aIncludes index. | ||
| 650 |
_a Java (Computer program language) _945062 |
||
| 906 |
_a0 _bibc _corignew _d2 _eepcn _f20 _gy-gencatlg |
||
| 942 |
_2ddc _cDC |
||